Un mapa de los mercados de la provincia de Teruel / (Record no. 42033)

MARC details
000 -LEADER
campo de control de longitud fija 00935nam a2200229 i 4500
001 - NÚMERO DE CONTROL
campo de control 42033
003 - IDENTIFICADOR DE NÚMERO DE CONTROL
campo de control ES-MaACL
005 - FECHA Y HORA DE LA ÚLTIMA TRANSACCIÓN
campo de control 20251116063053.0
007 - CAMPO FIJO DE DESCRIPCIÓN FÍSICA--INFORMACIÓN GENERAL
campo de control de longitud fija t|
008 - DATOS DE LONGITUD FIJA--INFORMACIÓN GENERAL
campo de control de longitud fija 030312s1945 sp bf |||| | spa d
100 1# - ENTRADA PRINCIPAL--NOMBRE DE PERSONA
Nombre de persona Casas Torres, José Manuel,
Fechas asociadas al nombre 1916-2010
9 (RLIN) 36236
245 13 - MENCIÓN DEL TÍTULO
Título Un mapa de los mercados de la provincia de Teruel /
Mención de responsabilidad, etc. por J. M. Casas Torres y J[osé] Vicente Arans Azlor.
260 ## - PUBLICACIÓN, DISTRIBUCIÓN, ETC.
Lugar de publicación, distribución, etc. Zaragoza :
Nombre del editor, distribuidor, etc. [s.n.,
Fecha de publicación, distribución, etc. 1945] (
Fabricante Talls. Editoriales El Noticiero)
300 ## - DESCRIPCIÓN FÍSICA
Extensión 19 h., 3 lám., 2 map. pleg. ;
Dimensiones 25 cm.
500 ## - NOTA GENERAL
Nota general Precede al tít.: Consejo Superior de Investigaciones Científicas, Instituto "Juan Sebastián Elcano"
595 ## -
-- Separata de: Estudios geográficos, Año VI, n. 20-21.
650 #4 - PUNTO DE ACCESO ADICIONAL DE MATERIA--TÉRMINO DE MATERIA
Término de materia o nombre geográfico como elemento de entrada Mercados-
Subdivisión geográfica Teruel (Provincia)
9 (RLIN) 169504
700 1# - ENTRADA AGREGADA--NOMBRE PERSONAL
Nombre de persona Arans Azlor, Vicente.
9 (RLIN) 22325
710 2# - ENTRADA AGREGADA--NOMBRE DE ENTIDAD CORPORATIVA
Nombre de entidad corporativa o nombre de jurisdicción como elemento de entrada Instituto "Juan Sebastián Elcano"
9 (RLIN) 5113
852 ## - LOCALIZACIÓN
Ubicación ES-MaACL
Número de control de estantería 1862-F-18
Holdings
Estatus retirado Estado de pérdida Estado de daño No para préstamo Colección Biblioteca de origen Biblioteca actual Ubicación en estantería Fecha de adquisición Fuente de adquisición Total de préstamos Signatura topográfica completa Código de barras Visto por última vez Precio de reemplazo Tipo de ítem Koha
        Colección de folletos Biblioteca del Ateneo de Madrid Biblioteca del Ateneo de Madrid Depósito folletos 17/01/2008     1862-F-18 1044244 23/02/2023 23/02/2023 Folleto